000 00815nam a2200205Ii 4500
003 JO-AjNU
008 230605s9999||||xx |||||||||||||| ||und||
040 _aJO-AjNU
_bara
_erda
_cJO-AjNU
041 _aara
050 1 4 _aQ183.3.A1 T7612 2004
100 3 _aعبدالحميد ، محمد جمال الدين,
_eauthor
_934837
245 0 0 _aتدريس العلوم في المدارس الثانوية استراتيجيات تطوير الثقافة، ج2
250 _aط1
264 3 1 _aالعين:دار الكتاب الجامعي ، 2005
300 _aج2، 688ص
336 _atext
_btxt
_2rdacontent
337 _aunmediated
_bn
_2rdamedia
338 _avolume
_bnc
_2rdacarrier
650 4 _a علوم -- تعلم وتعليم (ثانوي) -- الولايات المتحدة الأمريكية. 
_934838
999 _aA14323
_c17891
_d17891